00741nam a2200205 a 4500001000800000005001700008008004100025041000800066044000700074050002300081100001800104245011500122260004400237300004900281440012300330500001000453500003100463650001700494650002400511BRL_49020190320210752.0200813s1964----gw-abo####---#000-0#ger-# ager agw 4aN5305b.K86 7 19641 aJettmar, Karl10aDie Frühen SteppenvölkerbDer Eurasiatische Tierstil Entstehung und Sozialer Hintergrundcvon Karl Jetmar. aGermanybHolle-Verlag Baden-Badenc1964 a273 p.bil. (algunas a color), mapasc23 cm. 0aKunst der Welt; ihre geschichtlichen, soziologischen und religiösen GrundlagenpDie aussereuropäischen Kulturenv7 aAu512 aBibliografía: p. 248-26114aArte escitas14aAnimales en el arte